000 02197cam a2200625 i 4500
001 19550
003 KOSZ 005
005 20250315062819.0
008 250314s1980 pl a g 001 0 pol
015 _aUWD 1980/3219
020 _a8306001516
035 _a991013328829705066
035 _a(PL-WaBN)b1359350x-48omnis_nlop
035 _ab1359350x
035 _a(OCoLC)749376038
035 _a(PL)b0000001359350
035 _a(EXLNZ-48OMNIS_NETWORK)9910351509405606
040 _aWA N
_cWA N
_dKOSZ 005/RW
041 1 _apol
_hfre
046 _k1963
080 _a94(32)
080 _a903/904(620)
080 _a008
100 1 _aDesroches-Noblecourt, Christiane
_d(1913-2011)
_eAutor
245 1 0 _aTutanchamon :
_bżycie, śmierć, odrodzenie /
_cChristiane Desroches-Noblecourt ; przełożył Marek Marciniak.
246 1 _iTytuł oryginału:
_aVie et fort d'un pharaon Toutankhamon,
_f1963
250 _aWydanie I.
260 _aWarszawa :
_bPaństwowy Instytut Wydawniczy,
_c1980.
300 _a216, [4] stron, [24] karty tablic :
_bilustracje, portrety ;
_c21 cm.
336 _aTekst
_btxt
_2rdacontent
337 _aBez urządzenia pośredniczącego
_bn
_2rdamedia
338 _aWolumin
_bnc
_2rdacarrier
380 _aKsiążki
380 _aPublikacje naukowe
388 1 _a1901-2000
388 1 _a1945-1989
500 _aKsiążka w serii: Rodowody Cywilizacji.
504 _aBibliografia na stronie [204]. Indeks.
600 1 7 _aTutanchamon
_c(król Egiptu ;
_dok. 1342-1323 p.n.e.)
648 7 _ado 801 p.n.e.
_2DBN
650 7 _aGroby
_2DBN
650 7 _aKultura
_2DBN
650 7 _aWładcy
_2DBN
651 7 _aStarożytny Egipt
_2DBN
655 7 _aOpracowanie
658 _aArcheologia
658 _aEtnologia i antropologia kulturowa
658 _aHistoria
700 1 _aMarciniak, Marek
_d(1937-1996)
_eTłumaczenie
710 2 _aPaństwowy Instytut Wydawniczy
_4pbl
830 0 _aSeria Ceramowska
856 _uhttps://koha.tu.koszalin.pl/cgi-bin/koha/opac-detail.pl?biblionumber=19550
_yKatalog online BPK
942 _2UKD
_cKS
999 _c19550
_d19550